Most Streamed Lil Nas X Songs - Statistics

General Stats
  • This quiz has been taken 39 times
  • The average score is 13 of 20
Answer Stats
# Streams Answer % Correct
5 1,079,878,544 Old Town Road
100%
19 73,199,606 Old Town Road - Billy Ray Cyrus, Mason Ramsey & Young Thug Remix
100%
3 1,608,572,912 Old Town Road (Billy Ray Cyrus Remix)
100%
14 122,221,872 Old Town Road - Diplo Remix
100%
13 125,766,985 Old Town Road (RM of BTS Remix)
100%
2 2,072,579,156 MONTERO (Call Me By Your Name)
93%
16 108,253,091 MONTERO (Call Me By Your Name) - SATAN'S EXTENDED VERSION
93%
1 2,186,193,512 INDUSTRY BABY
89%
6 777,923,428 Panini
79%
10 253,595,246 Panini - DaBaby Remix
79%
4 1,159,171,172 THATS WHAT I WANT
61%
7 581,458,727 HOLIDAY
57%
9 320,119,404 Rodeo
50%
15 110,432,927 Rodeo - Nas Remix
50%
8 483,552,304 STAR WALKIN'
46%
12 140,567,909 SCOOP
29%
11 181,496,673 SUN GOES DOWN
18%
17 84,941,160 TALES OF DOMINICA
14%
18 73,233,240 C7osure (You Like)
11%
20 73,135,019 DOLLA SIGN SLIME
11%
No matching quizzes found
Score Distribution
Percent of People with Each Score
Percentile by Number Answered
Your Score History
You have not taken this quiz